Statistiche per Duchi del Ducato di Parma e Piacenza

Clicka qui per fare il quiz!

Statistiche generali

  • Questo quiz è stato fatto 18 volte
  • Il punteggio medio è 6 su 19

Statistiche sulle risposte

HintRisposta% Corretto
BorboneFerdinando I
67%
FarneseFrancesco
56%
FarneseAlessandro
44%
BorboneFilippo I
44%
AsburgoMaria Teresa
44%
BorboneRoberto I
44%
BorboneCarlo I
33%
BorboneCarlo II
33%
BorboneCarlo III
33%
AsburgoCarlo IV
33%
Asburgo-LorenaMaria Luigia
33%
FarneseRanuccio I
33%
FarneseRanuccio II
33%
FarneseAntonio
22%
FarneseOdoardo I
22%
FarneseOttavio
22%
FarnesePier Luigi
22%
Occupazione francese PCCharles-Francois Lebrun
11%
Occupazione francese PRJean-Jacques Regis de Cambaceres
11%

Distribuzione punteggi

Percentile per numero di risposta

Percentuale di utenti per punteggio

I tuoi punteggi nel tempo

Non hai fatto questo quiz